000 00969nac a22002651i 4500
003 EG-ScBUE
005 20241030110301.0
008 241030s1937 nyua f 001 0 eng d
040 _aEG-ScBUE
_beng
_erda
_cEG-ScBUE
_dEG-ScBUE
082 0 4 _a519
_bUSP
_222
100 1 _aUspensky, J. V.,
_eauthor.
245 1 0 _aIntroduction to mathematical probability /
_cJ. V. Uspensky, late professor of mathematics, Stanford University.
264 1 _aNew York ;
_aLondon :
_bMcGraw-Hill book company, inc.,
_c1937.
300 _aix, 411 pages :
_billustrations ;
_c24 cm
336 _2rdacontent
_atext
_btxt
337 _aunmediated
_2rdamedia
_bn
338 _avolume
_bnc
_2rdacarrier
500 _aIncludes index.
504 _a"References" at end of each chapter except chapters I and III.
650 7 _aProbabilities.
_2BUEsh
655 _vReading book
740 0 _aMathematical probability.
942 _cBB
_2ddc
999 _c1842
_d1842